|
|
|
|
| LEADER |
00000cam a2200000 7i4500 |
| 001 |
0000004361 |
| 005 |
20151222.0 |
| 008 |
070725 |
| 020 |
|
|
|a 9831438094
|
| 020 |
|
|
|a 9831438159(set)
|
| 090 |
0 |
0 |
|a JF
|b ART ENG (5322)
|
| 245 |
0 |
0 |
|a Cartoon Animals
|
| 260 |
|
|
|a Selangor :
|b Penerbit mega setia emas ,
|c 2005
|
| 440 |
|
0 |
|a Step by step drawing 1
|
| 500 |
|
|
|a Children ages 7-9 years old (orange)
|
| 650 |
|
0 |
|a Art
|x Juvinale literature
|
| 650 |
|
0 |
|a Junior fiction
|x English
|x Languages
|
| 700 |
1 |
|
|a Board, Editorial
|
| 999 |
|
|
|a 0000973408
|b Book
|c Children Collection
|e Perbadanan Perpustakaan Awam Johor
|
| 999 |
|
|
|a 0000973409
|b Book
|c Children Collection
|e Perbadanan Perpustakaan Awam Johor
|
| 999 |
|
|
|a 0000973410
|b Book
|c Children Collection
|e Perbadanan Perpustakaan Awam Johor
|
| 999 |
|
|
|a 0000973411
|b Book
|c Children Collection
|e Cawangan Sri Merlong
|
| 999 |
|
|
|a 0001152067
|b Book
|c Children Collection
|e Cawangan Taman Universiti
|
| 999 |
|
|
|a 0001152068
|b Book
|c Children Collection
|e Cawangan Segamat
|